000 00701nam a2200229Ia 4500
005 20260629163254.0
008 260629s9999||||xx |||||||||||||| ||und||
020 _a9789356291522
_qpbk
082 _a823.92
_bTRI
100 _aTripathi, Amish
245 0 _aWar of Lanka
260 _aGurugram
_bHarperCollins Publishers
_c2022
300 _axxiii, 475p. ; 19cm.
490 _aRam Chandra series-4
653 _aHindu mythology—Fiction
653 _aHistorical fiction, Indian (English)
653 _aIndic fiction (English)
653 _aRama (Hindu deity)—Fiction
653 _aRavaṇa (Hindu mythology character) Fiction
653 _aSita (Hindu deity)—Fiction
942 _cBK
999 _c57288
_d57288